Introducing Cultural Anthropology

This edition continues to provide students with the opportunity to explore anthropology's relevance to their own lives. Unique opening vignettes draw students into each chapter while the rich visual program allows professors to use a brief text without sacrificing visual appeal.

Saved in:
Bibliographic Details
Main Author: Roberta, Edward Lenkeit
Format: Book
Language:Undetermined
Published: New York McGraw-Hill 2010
Subjects:
Tags: Add Tag
No Tags, Be the first to tag this record!
Institutions: Trung tâm Học liệu Trường Đại học Cần Thơ
LEADER 00799nam a2200193Ia 4500
001 CTU_181481
008 210402s9999 xx 000 0 und d
082 |a 306 
082 |b R639 
100 |a Roberta, Edward Lenkeit 
245 0 |a Introducing Cultural Anthropology 
245 0 |c Roberta Edward Lenkeit 
260 |a New York 
260 |b McGraw-Hill 
260 |c 2010 
520 |a This edition continues to provide students with the opportunity to explore anthropology's relevance to their own lives. Unique opening vignettes draw students into each chapter while the rich visual program allows professors to use a brief text without sacrificing visual appeal. 
650 |a Ethnology,Nhân chủng học 
904 |i ngoc huyen 
980 |a Trung tâm Học liệu Trường Đại học Cần Thơ